Cuentos frágiles /
Guardado en:
| Autor Principal: | |
|---|---|
| Formato: | Libro |
| Publicado: |
Colombia :
Nuevo Siglo,
1994
|
| Series: | Crónica 100x100 ;
25 |
| Materias: | |
| Etiquetas: |
Agregar Etiqueta
Sin Etiquetas, Sea el primero en etiquetar este registro!
|
| LEADER | 00640nam a22002055a 4500 | ||
|---|---|---|---|
| 001 | CEM.cems016980 | ||
| 008 | 130507s1994##################000#0#####d | ||
| 005 | 20251113151101.0 | ||
| 245 | 1 | 0 | |a Cuentos frágiles / |c Manuel Gutiérrez Nájera |
| 260 | |a Colombia : |b Nuevo Siglo, |c 1994 | ||
| 300 | |a 158 p. | ||
| 490 | 1 | |a Crónica 100x100 ; |v 25 | |
| 020 | |a 9879049241 | ||
| 100 | 1 | |a Gutiérrez Nñajera, Manuel | |
| 082 | 0 | 4 | |a M868.4 |
| 653 | |a Literatura | ||
| 653 | |a Literatura mexicana | ||
| 653 | |a Cuentos | ||
| 859 | |a CEMS |b BIB. CEMS - 11 de abril |h M868.4 |i G985 |p 30490.25 |t Ej.1 | ||
| 859 | |a CEMS |b BIB. CEMS - Agricultura |h M868.4 |i G985 |p A0042.00 |t Ej.1 | ||
